#1 Rappers - Sudden Death - Statistics

General Stats
  • This quiz has been taken 19,081 times
  • The average score is 4 of 15
Answers on the Grid
Answers color-coded by a green-red scale on the quiz's grid according to % correct below.
2Pac
50 Cent
André 3000
Busta Rhymes
DMX
Drake
Eminem
Flo Rida
Future
Gucci Mane
Ice-T
J. Cole
JAY-Z
Juice WRLD
Kendrick Lamar
Latto
Lil Baby
Lil Uzi Vert
Lil Wayne
Ludacris
Nas
Nicki Minaj
Snoop Dogg
The Notorious B.I.G.
Travis Scott
Tyler, the Creator
XXXTENTACION
Young Thug
 
Answer Stats
Answer % Correct
2Pac
75%
50 Cent
68%
Drake
45%
Eminem
41%
Kendrick Lamar
22%
JAY-Z
21%
Travis Scott
16%
Future
15%
Flo Rida
13%
Snoop Dogg
13%
Lil Wayne
11%
Nicki Minaj
11%
The Notorious B.I.G.
10%
XXXTENTACION
10%
Ludacris
3%
No matching quizzes found
Score Distribution
Percent of People with Each Score
Percentile by Number Answered
Your Score History
You have not taken this quiz